000 00535nam a2200205Ia 4500
005 20250425161442.0
008 250425s9999 xx 000 0 und d
020 _a813721180
041 _aeng
082 _a552
100 _aMOORES, ELDRIDGE M.
245 0 _aPETROLOGY AND STRUCTURE OF THE VOURINOS OPHIOLITIC COMPLEX OF NORTHERN GREECE
250 _aS.E.
260 _aBOULDER
260 _aEstados Unidos
_bGEOLOGICAL SOCIETY OF AMERICA
_c1950
300 _a74
650 _aPETROLOGIA
942 _c01
010 _a20685
999 _c209581
_d209581